Central Library OPAC University of Rajshahi

Independence, convergence, and borrowing, in institutions, thought, and art. (Record no. 25073)

MARC details
000 -LEADER
fixed length control field 01487nam a2200277 a 4500
001 - CONTROL NUMBER
control field 25073
003 - CONTROL NUMBER IDENTIFIER
rucl marc code BD-RjUL
005 - DATE AND TIME OF LATEST TRANSACTION
control field 20211209050827.0
008 - FIXED-LENGTH DATA ELEMENTS--GENERAL INFORMATION
fixed length control field 140316r19701970mau 00000 eng d
035 ## - SYSTEM CONTROL NUMBER
System control number (BD-RjUL)25142
System control number (BD-RjUL)
040 ## - CATALOGING SOURCE
Modifying agency SUA
Original cataloging agency BD-RjUL
Language of cataloging eng
Transcribing agency BD-RjUL
041 ## - LANGUAGE CODE
Language code of text/sound track or separate title eng
082 00 - DEWEY DECIMAL CLASSIFICATION NUMBER
Classification number 901.908
Author mark and year IND 1970
111 20 - MAIN ENTRY--MEETING NAME
Meeting name or jurisdiction name as entry element Harvard Tercentenary Conference of Arts and Sciences
Date of meeting (1936 :
Location of meeting Cambridge, Mass.)
9 (RLIN) 77136
245 00 - TITLE STATEMENT
Title Independence, convergence, and borrowing, in institutions, thought, and art.
260 ## - PUBLICATION, DISTRIBUTION, ETC. (IMPRINT)
Place of publication, distribution, etc. Cambridge, Mass. :
Name of publisher, distributor, etc. Harvard University Press,
Date of publication, distribution, etc. 1937. [Reprinted 1970 ]
300 ## - PHYSICAL DESCRIPTION
Pagination 272 p. ;
Size 22 cm.
500 ## - GENERAL NOTE
General note Papers presented at a symposium of the Harvard tercentary conference of arts and sciences.
504 ## - BIBLIOGRAPHY, ETC. NOTE
Bibliography, etc Includes bibliographies.
505 0# - FORMATTED CONTENTS NOTE
Formatted contents note Contents. - Europe and the Near East: A prehistorian's interpretation of diffusion, by V.G. Childe. - Plants and civilization, by E.D. Merrill. -Parthian art and the motive of the flying gallop, by M.I. Rostovtzeff. - Das alteste Gedicht der lateinischen Literatur (Carmen arvale) by Eduard Norden. - Ancient legal history, by Leopold Wenger. -La diffusion du droit francais en Algerie, by Rene Maunier. - Jewish folklore: East and West, by Louis Ginzberg. - Hellenism and Christianity, by .
650 #0 - SUBJECT ADDED ENTRY--TOPICAL TERM
Topical term or geographic name as entry element Civilization
General subdivision History
-- Congresses.
9 (RLIN) 77131
710 2# - ADDED ENTRY--CORPORATE NAME
Corporate name or jurisdiction name as entry element Harvard University.
9 (RLIN) 77132
942 ## - ADDED ENTRY ELEMENTS (KOHA)
Source of classification or shelving scheme Dewey Decimal Classification
Koha item type Books
Holdings
Lost status Source of classification or shelving scheme Damaged status Not for loan Collection code Permanent Location Current Location Shelving location Date acquired Source of acquisition Total Checkouts Full call number Date last seen Copy number Koha item type
  Dewey Decimal Classification   Added to bundle Non-fiction Central Library, University of Rajshahi Central Library, University of Rajshahi Reading Room 03/10/1985 Asia Fundation Gift   901.908 IND 1970 16/03/2014 C-1 Books